000 00898nam a2200289 a 4500
001 000022056
003 DO-SdBNP
005 20241106090503.0
007 ta
008 100916s1980 dr a 000 0 spa d
040 _aDO-SdBNP
_bspa
_cBNPHU
_erda
049 _aBNPD
082 _axxx
_bO77i
_222
100 1 _aOrtega, Elpidio
_eautor
_916002
245 1 0 _aIntroducción a la loza común o alfarería en el período colonial en Santo Domingo /
_cElpidio Ortega.
264 _aSanto Domingo :
_bFundación Ortega Álvarez,
_c1980.
300 _a166 páginas. :
_biustraciones. ;
_c23 cm.
336 _ardacontent
_btexto
_2txt
337 _ardamedia
_bsin mediación
_2n
338 _ardacarrier
_bvolumen
_2nc
490 1 _aCientífica
_v3
504 _aBibliografías : p. 163-166
590 _aInventariado, 2024/DG
830 0 _aCientífica
_n3
_936750
910 _aDG
942 _2ddc
_cLBS1
999 _c21554
_d21554